00685nam a2200205 a 4500001001300000003000900013005001700022008004100039020001100080082001500091100002100106245004300127260004600170300000900216500003500225505001700260505016100277650002000438700002100458nice12345678IN_TiNIC20260116013424.0050524s1995 newa grp 000 0 eng  ac200000a954.6bGRO aGrover, Verinder aStory of Kashmirb Yesterday and Today aNew DelhibDeep & Deep Publicationsc1995 a262p aincludes index and biblioraphy2 aNotes, Index2 aNotes, Index00gV1.tPolitical History and Development.--gV2.tPolitical Development Terrorism Militancy and Huma.--gV3.tDocuments, Treaties and Exhausti aKashmir-History1 aGrover, Verinder